| 000 | 00436cam a2200181ua 4500 | ||
|---|---|---|---|
| 020 | _c1.75 | ||
| 041 |
_ahin _h |
||
| 082 |
_a891.43 _bDHE/AS |
||
| 100 | _aDheerendra, Varma . | ||
| 245 |
_aAshtchap / _cDheerendra Varma. _hTextual Documents |
||
| 250 |
_a5 / _b. |
||
| 260 |
_aAllahabad : _bRamnarayanlal beniprasad , _c1959. |
||
| 300 | _a132 ; . | ||
| 365 | _a1.75 | ||
| 504 | _a | ||
| 942 | _cBK | ||
| 999 |
_c12493 _d12493 |
||